000 00519nam a22001817a 4500
999 _c190573
_d190573
005 20220727170700.0
010 _aENG-134056
020 _c500.00
_a9788190852661
035 _aEN-117588
037 _bDBAB/PUB
082 _a880.0
100 _aLall,Babu Avadh Behari
245 _aIndia,Bihar & Other Poems/
_cby Babu Avadh Behari Lall
260 _aPatna
_bAMS Publication
_c2010
270 _aKankarbagh,
_bPatna(Bihar)
_e800020
300 _av;326p.
_c22cm(Hb)
942 _2ddc
_cEN
_mLAL
_h880.8